Conosci tuo Padre per "essere san Paolo oggi vivente" (Record n. 104245)

Dettagli MARC
000 -LEADER
fixed length control field 00962nam a22001697a 4500
003 - CONTROL NUMBER IDENTIFIER
control field IT-RoPau
005 - DATE AND TIME OF LATEST TRANSACTION
control field 20220918181219.0
008 - FIXED-LENGTH DATA ELEMENTS--GENERAL INFORMATION
fixed length control field 140321b xxu||||| |||| 00| 0 eng d
040 ## - CATALOGING SOURCE
Transcribing agency IT-RoPau
100 ## - MAIN ENTRY--PERSONAL NAME
Personal name Famiglia Paolina
9 (RLIN) 98
245 ## - TITLE STATEMENT
Title Conosci tuo Padre per "essere san Paolo oggi vivente"
260 ## - PUBLICATION, DISTRIBUTION, ETC. (IMPRINT)
Name of publisher, distributor, etc. Tipolitografia Trullo srl
Date of publication, distribution, etc. 2008
300 ## - PHYSICAL DESCRIPTION
Extent 68 pp.
Dimensions 21 cm
490 ## - SERIES STATEMENT
Series statement Itinerario spirituale per la Famiglia Paolina
520 ## - SUMMARY, ETC.
Summary, etc. Indice<br/><br/>Presentazione<br/>Introduzione<br/>Come vivere l'esercizio di preghiera<br/>1° giorno: Preambolo<br/>2° giorno: Gloria al Padre - Via di purificazione<br/>3° giorno: Gloria al Padre - Via di purificazione<br/>4° giorno: Gloria al Figlio - Via di illuminazione<br/>5° giorno: Gloria al Figlio - Via di illuminazione<br/>6° giorno: Gloria allo Spirito Santo - Via di unione<br/>7° giorno: Gloria allo Spirito Santo - Via di unione<br/>Schema di sintesi per l'esame di coscienza<br/>Proposta di progetto spirituale<br/>Sigle<br/>
942 ## - ADDED ENTRY ELEMENTS (KOHA)
Source of classification or shelving scheme Dewey Decimal Classification
Koha item type LIBRO
Dati di copia
Withdrawn status Lost status Source of classification or shelving scheme Damaged status Not for loan Home library Current library Date acquired Total Checkouts Full call number Date last seen Price effective from Koha item type
    Dewey Decimal Classification Buone Condizioni Not For Loan PAULUS-BIBLIOTECA PAULUS-BIBLIOTECA 21/03/2014   P D2 21/03/2014 21/03/2014 LIBRO
CREDITS: SOCIETA' SAN PAOLO Via A.Severo, 58 - ROMA (RM) & PERIODICI SAN PAOLO SRL Via Giotto, 36 MILANO & CISF Via Giotto, 36 MILANO & EDIZIONI SAN PAOLO SRL,  Piazza Soncino, 5 CINISELLO BALSAMO (MI) -- ITALY